Генезис маркетинга взаимоотношений как эффективного направления в маркетинге; Экономика России в XXI веке

Dades bibliogràfiques
Parent link:Экономика России в XXI веке.— 2008.— С. 350-352
Autor principal: Киселева Е. С. Елена Станиславовна
Idioma:rus
Publicat: 2008
Matèries:
Format: MixedMaterials Capítol de llibre
KOHA link:https://koha.lib.tpu.ru/cgi-bin/koha/opac-detail.pl?biblionumber=155280

MARC

LEADER 00000naa2a2200000 4500
001 155280
005 20240209091203.0
035 |a (RuTPU)RU\TPU\book\168451 
090 |a 155280 
100 |a 20090312d2008 k y0rusy50 ca 
101 0 |a rus 
102 |a RU 
200 1 |a Генезис маркетинга взаимоотношений как эффективного направления в маркетинге  |f Е. С. Киселёва 
320 |a Библиогр.: 7 назв. 
463 0 |0 (RuTPU)RU\TPU\book\161559  |t Экономика России в XXI веке  |o сборник научных трудов V Всероссийской научно-практической конференции "Теоретические проблемы экономической безопасности России в XXI веке", Томск, 2008  |f Томский политехнический университет (ТПУ), Инженерно-экономический факультет, Кафедра экономики; под ред. Г. А. Барышевой  |v С. 350-352  |d 2008  |p 377 с. 
610 1 |a маркетинг 
610 1 |a взаимоотношения 
610 1 |a маркетинг взаимоотношений 
610 1 |a эффективность 
610 1 |a промышленный маркетинг 
610 1 |a промышленность 
610 1 |a промышленные сети 
610 1 |a сетевые организации 
610 1 |a сетевые структуры 
610 1 |a международные компании 
610 1 |a труды учёных ТПУ 
700 1 |a Киселева  |b Е. С.  |c специалист в области маркетинга  |c старший преподаватель Томского политехнического университета  |f 1981-  |g Елена Станиславовна  |3 (RuTPU)RU\TPU\pers\25430  |9 11372 
801 1 |a RU  |b 63413507  |c 20090312  |g PSBO 
801 2 |a RU  |b 63413507  |c 20130206  |g RCR 
942 |c BK